| 000 | 00726nam a2200241Ia 4500 | ||
|---|---|---|---|
| 003 | OSt | ||
| 005 | 20220926032326.0 | ||
| 006 | a|||||r|||| 00| 0 | ||
| 007 | ta | ||
| 008 | 220923b |||||||| |||| 00| 0 eng d | ||
| 037 | _cGeneral Book | ||
| 040 |
_aRTL _cRTL _beng |
||
| 041 |
_2eng _aeng |
||
| 082 | _aX:3M24.58.N7, L5 | ||
| 100 | _aBettelheim Charles | ||
| 245 | 0 | _aTransition to socialist economy. Tr from French by | |
| 260 |
_aSussex _bHarvester Press _c1975 |
||
| 300 |
_a255p _ccm. |
||
| 490 | _aMarxist Theory and Contemporary Capitalism. Ed by John Mcpham | ||
| 650 |
_aSocialism _936676 |
||
| 942 |
_hX:3M24.58.N7, L5 _cGB _2CC |
||
| 999 |
_c654405 _d654405 |
||